De la identidad a la independencia: la nueva transición
保存先:
| 第一著者: | |
|---|---|
| フォーマット: | 図書 |
| 言語: | スペイン語 |
| 出版事項: |
Barcelona
Anagrama
1999
|
| シリーズ: | Colección Argumentos, 226
|
| 主題: | |
| タグ: |
タグ追加
タグなし, このレコードへの初めてのタグを付けませんか!
|
MARC
| LEADER | 00000nam a2200000 a 4500 | ||
|---|---|---|---|
| 001 | UCO6661 | ||
| 003 | CL-VaPUC | ||
| 008 | 001027e19990000SP |||||||||||||||||spa|d | ||
| 082 | 0 | 4 | |a 320.01 |b RUB |2 21 |
| 100 | 0 | |a Rubert de Ventós, Xavier |e author |9 451473 | |
| 245 | 1 | 0 | |a De la identidad a la independencia: la nueva transición |
| 300 | |a 175 p | ||
| 942 | |c BK | ||
| 945 | |d 20001027 00:00:00 |a vberengu | ||
| 260 | |a Barcelona |b Anagrama |c 1999 | ||
| 650 | 0 | |a Ciencias Políticas |9 255201 | |
| 650 | 0 | |a Democracia |9 255256 | |
| 650 | 7 | |a FILOSOFIA POLITICA |2 CL-VaPUC |9 451474 | |
| 650 | 0 | |a Ideologías políticas |9 255735 | |
| 650 | 0 | |a Soberanía |9 266726 | |
| 583 | |a last modification |c 20001027 00:00:00 |k Rodrigo Vera | ||
| 490 | 0 | |a Colección Argumentos, 226 | |
| 999 | |c 292138 |d 292136 | ||
| 952 | |0 0 |1 0 |4 0 |6 320_010000000000000_RUB_1999 |7 0 |8 A |9 342776 |a FDOPOS |b FDOPOS |d 2019-11-20 |i 3664236 |o 320.01 RUB 1999 |p 3664236 |r 2025-01-22 |w 2019-11-20 |y BK |k MLA | ||